| 000 | 00387 a2200121 4500 | ||
|---|---|---|---|
| 001 | 55645 | ||
| 082 | _a006.321 IRS | ||
| 090 |
_c34517 _d34517 |
||
| 100 | _aIrsalan Khan, Muhammad | ||
| 245 | _aFusing hard and soft computing techniques in design of effective controller for nonlinear magnetic suspension systems | ||
| 260 |
_aRawalpindi _bEng University _c2003 |
||
| 500 | _aMS thesis | ||
| 942 |
_aNUST-CAE _k006.321 IRS |
||
| 999 |
_c290718 _d290718 |
||